| 000 | 00398nam a2200157Ia 4500 | ||
|---|---|---|---|
| 008 | 160319s9999 xx 000 0 und d | ||
| 050 | _a920.71 | ||
| 050 | _bR627f 2003 | ||
| 100 | _a Guerrero, Leon Maria. | ||
| 245 | 4 | _aThe First Filipino : | |
| 245 | _ba biography of Jose Rizal / | ||
| 245 | _cLeon Maria Guerrero. | ||
| 260 | _bBookmark Inc. | ||
| 260 | _c1997 | ||
| 300 | _a448 pages : | ||
| 999 |
_c292241 _d292241 |
||